Т. 6; Прокатное и волочильное производство

Bibliographic Details
Parent link:Прокатное и волочильное производство/ Академия наук СССР, Всесоюзный институт научной и технической информации. Т. 6.— , 1966-
Other Authors: Колпашников А. И. (редактор), Шапиро В. Я.
Language:Russian
Published: 1973
Subjects:
Format: Book
KOHA link:https://koha.lib.tpu.ru/cgi-bin/koha/opac-detail.pl?biblionumber=354819

MARC

LEADER 00000nam2a2200000 4500
001 354819
005 20231102010730.0
035 |a (RuTPU)RU\TPU\retro\12078 
090 |a 354819 
100 |a 20200626d1973 k y0rusy50 ca 
101 0 |a rus 
102 |a RU 
105 |a a z 001zy 
200 0 |a Т. 6  |f под ред. А. И. Колпашникова, В. Я. Шапиро 
210 |d 1973 
215 |a 116 с.  |c ил. 
320 |a Библиография в конце обзоров 
461 1 |0 (RuTPU)RU\TPU\retro\6128  |t Прокатное и волочильное производство  |f Академия наук СССР, Всесоюзный институт научной и технической информации  |v Т. 6  |d 1966-   |s Прокатное и волочильное производство 
606 1 |a Прокатное производство  |2 stltpush  |3 (RuTPU)RU\TPU\subj\72736  |9 86140 
606 1 |a Волочильное производство  |2 stltpush  |3 (RuTPU)RU\TPU\subj\3638  |9 32025 
610 1 |a листовой прокат 
610 1 |a производство 
610 1 |a трубы 
610 1 |a литые заготовки 
610 1 |a сверхпрочность 
610 1 |a сплавы 
610 1 |a бериллий 
610 1 |a титан 
610 1 |a тантал 
610 1 |a высокопрочные сплавы 
675 |a 621.771  |v 3 
675 |a 621.778  |v 3 
702 1 |a Колпашников  |b А. И.  |4 340 
702 1 |a Шапиро  |b В. Я.  |4 340 
801 1 |a RU  |b 63413507  |c 20200626 
801 2 |a RU  |b 63413507  |c 20210216  |g RCR 
942 |c BK